Football Clubs Managed by Brian Clough - Statistics

General Stats
  • This quiz has been taken 171 times
  • The average score is 3 of 5
Answer Stats
Years Club % Correct
1975-1993 Nottingham Forest
99%
1967-1973 Derby County
79%
1974 Leeds United
77%
1973-1974 Brighton & Hove Albion
48%
1965-1967 Hartlepools United
41%
No matching quizzes found
Score Distribution
Percent of People with Each Score
Percentile by Number Answered
Your Score History
You have not taken this quiz